| 000 | 00595 a2200133 4500 | ||
|---|---|---|---|
| 999 |
_c329313 _d329313 |
||
| 003 | Nust | ||
| 005 | 20170503103647.0 | ||
| 008 | 170503b xxu||||| |||| 00| 0 eng d | ||
| 020 | _a9780415434430 | ||
| 040 | _cdlc | ||
| 082 | _a693.60299 SPA | ||
| 100 | _aSpain, Bryan | ||
| 245 |
_aSPONS Estimating Costs Guide to Finishings Painting, Decorating, Plastering and Tiling Unit Rates and Total Project Costs/ _cBryan Spain |
||
| 260 |
_aLondon : _bSPONS Press, _c2005 |
||
| 300 |
_axvi, 255p. : _bill. ; _c23 cm |
||
| 650 | _aEstimating -- Printing, Decorating, Plastering and Tiling | ||
| 942 |
_2ddc _cBK |
||